000 00761cab a2200265 4500
001 X1832
008 090401t1995 xxu||||| |||| 00| 0 eng d
035 _a(Sirsi) u19755
041 _aeng
245 _aEU strategy: coastal zone management
260 _c1995
350 _a0
490 _aCSM (Chartered Surveyor Monthly)
_v4(3) January 1995, 16(1)
650 _aBRIEFING PAPER
650 _aCOASTAL ZONE MANAGEMENT
650 _aCOASTAL ZONES
650 _aINSTITUTION FOR EUROPEAN ENVIRONMENTAL POLICY
650 _aMULLARD S.
650 _aTOWARDS AN EU STRATEGY OF INTEGRATED COASTAL ZONE MANAGEMENT
690 _aENVIRONMENTAL AND LAND CONSULTANCY
690 _aLAND
690 _aMARINE RESOURCES
942 _n0
948 _c04/03/1997
999 _c13222
_d13222